00481 2200193 4500001002100000005001500021035002000036007000300056008004100059020002200100082000800122084001400130100002100144245005700165260002900222300001600251650001000267856001000277INLIS00000000000817920260206094210 a0010-0226000001ta260206 0 ind  a978-602-1139-13-4 a813 a813 IRW t0 aIrwan Widiatmoko1 aTerapi Berpikir Positif In Comic /cIrwan Widiatmoko aJakarta :bChange,c2024 a282 ;c19cm 4aFIKSI aFIKSI